Werther, Mischkin y Joaquín Monegro vistos por un psiquiatra : (Record no. 37552)

MARC details
000 -LEADER
campo de control de longitud fija 01187nam a2200301 i 4500
001 - NÚMERO DE CONTROL
campo de control 37552
003 - IDENTIFICADOR DE NÚMERO DE CONTROL
campo de control ES-MaACL
005 - FECHA Y HORA DE LA ÚLTIMA TRANSACCIÓN
campo de control 20251019063040.0
007 - CAMPO FIJO DE DESCRIPCIÓN FÍSICA--INFORMACIÓN GENERAL
campo de control de longitud fija t|
008 - DATOS DE LONGITUD FIJA--INFORMACIÓN GENERAL
campo de control de longitud fija 030221s1951 sp ||||1| spa d
040 ## - FUENTE DE CATALOGACIÓN
Centro/agencia transcriptor ES-MaACL
080 ## - NÚMERO DE LA CLASIFICACIÓN DECIMAL UNIVERSAL
Número de la Clasificación Decimal Universal 821.112.2 Goethe, Johann Wolfgang von 7 Werther.06
080 ## - NÚMERO DE LA CLASIFICACIÓN DECIMAL UNIVERSAL
Número de la Clasificación Decimal Universal 821.161.1 Dostoevskiï, Fiodor Mijaïlovich 7 Idiot.06
080 ## - NÚMERO DE LA CLASIFICACIÓN DECIMAL UNIVERSAL
Número de la Clasificación Decimal Universal 821.134.2 Unamuno, Miguel de 7 Abel Sánchez.06
100 1# - ENTRADA PRINCIPAL--NOMBRE DE PERSONA
Nombre de persona Cabaleiro Goas, Manuel
9 (RLIN) 33063
Término indicativo de función/relación Autor
245 10 - MENCIÓN DEL TÍTULO
Título Werther, Mischkin y Joaquín Monegro vistos por un psiquiatra :
Resto del título trilogía patográfica /
Mención de responsabilidad, etc. Manuel Cabaleiro Goas.
260 ## - PUBLICACIÓN, DISTRIBUCIÓN, ETC.
Lugar de publicación, distribución, etc. Barcelona :
Nombre del editor, distribuidor, etc. Apolo,
Fecha de publicación, distribución, etc. [1951] (
Fabricante Miguza)
300 ## - DESCRIPCIÓN FÍSICA
Extensión 310 páginas ;
Dimensiones 15 cm.
490 1# - MENCIÓN DE SERIE
Mención de serie Prisma
600 14 - PUNTO DE ACCESO ADICIONAL DE MATERIA--NOMBRE DE PERSONA
Nombre de persona Goethe, Johann Wolfgang von,
Fechas asociadas al nombre 1749-1832-
Subdivisión general Crítica e interpretación
9 (RLIN) 57571
600 14 - PUNTO DE ACCESO ADICIONAL DE MATERIA--NOMBRE DE PERSONA
Nombre de persona Dostoievski, Fiódor,
Fechas asociadas al nombre 1821-1881-
Subdivisión general Crítica e interpretación
9 (RLIN) 45459
600 14 - PUNTO DE ACCESO ADICIONAL DE MATERIA--NOMBRE DE PERSONA
Nombre de persona Unamuno, Miguel de,
Fechas asociadas al nombre 1864-1936-
Subdivisión general Crítica e interpretación
9 (RLIN) 111984
830 10 - PUNTO DE ACCESO ADICIONAL DE SERIE-TÍTULO UNIFORME
Título uniforme Prisma
9 (RLIN) 180749
852 ## - LOCALIZACIÓN
Ubicación ES-MaACL
Número de control de estantería D-6232
itemnumber 38916
Ubicación en estantería Sala Valle Inclán
942 ## - ELEMENTOS DE ENTRADA SECUNDARIOS (KOHA)
Tipo de ítem Koha Libro impreso
Suprimir en OPAC No
Holdings
Estatus retirado Estado de pérdida Estado de daño No para préstamo Biblioteca de origen Biblioteca actual Ubicación en estantería Fecha de adquisición Fuente de adquisición Total de préstamos Signatura topográfica completa Código de barras Visto por última vez Precio de reemplazo Tipo de ítem Koha
        Biblioteca del Ateneo de Madrid Biblioteca del Ateneo de Madrid Sala Valle Inclán 17/01/2008     D-6232 901039530 23/02/2023 23/02/2023 Libro impreso